Abuso sexual infantil técnicas básicas para su atención = Child sexual abuse, basic techniques for its attention /
Se pretende proponer técnicas diagnósticas para el abuso sexual infantil, además de analizar que se trata de una situación de riesgo para muchos niños/as. Considerando que estos casos son de difícil manejo psicoterapéutico y jurídico; y que la dificultad exige una intervención eficaz, se presentan t...
Guardado en:
| Autor principal: | |
|---|---|
| Otros Autores: | , |
| Formato: | Texto |
| Materias: | |
| Etiquetas: |
Agregar Etiqueta
Sin Etiquetas, Sea el primero en etiquetar este registro!
|
MARC
| LEADER | 00000 a a2200000 04500 | ||
|---|---|---|---|
| 001 | 45079 | ||
| 003 | |||
| 040 | |||
| 100 | |a Velázquez Velázquez, Magdalena | ||
| 245 | |a Abuso sexual infantil técnicas básicas para su atención = |b Child sexual abuse, basic techniques for its attention / |c Magdalena Velázquez Velázquez, Leonor Gpe. Delgadillo Guzmán, Leonor González Villanueva | ||
| 500 | |a mvelazquez@uaemex.mx |a delgadilloleonor@gmail.com |a lgonzalesv@uaemex.mx | ||
| 520 | |a Se pretende proponer técnicas diagnósticas para el abuso sexual infantil, además de analizar que se trata de una situación de riesgo para muchos niños/as. Considerando que estos casos son de difícil manejo psicoterapéutico y jurídico; y que la dificultad exige una intervención eficaz, se presentan técnicas de juego cuya viabilidad es dar cuenta de los signos y síntomas sobre la condición que tiene el niño/a abusado/a sexualmente. | ||
| 590 | |a KSR/AGOSTO2013 | ||
| 650 | |a ABUSO SEXUAL | ||
| 650 | |a ABUSO DE MENORES | ||
| 650 | |a PSICOLOGIA | ||
| 650 | |a TECNICAS | ||
| 650 | |a JUEGO | ||
| 700 | |a Delgadillo Guzmán, Leonor Gpe. | ||
| 700 | |a González Villanueva, Leonor | ||
| 773 | |g volumen92, número1 (2013), páginas 131-139 | ||
| 999 | |c 23069 |d 23069 | ||
